| 000 | 03724cam a2200925 4500 | ||
|---|---|---|---|
| 999 |
_c371226 _d371226 |
||
| 001 | 568496906 | ||
| 003 | DE-627 | ||
| 005 | 20211228152621.0 | ||
| 007 | tu | ||
| 008 | 080605s2008 gw ||||| 10| ||ger c | ||
| 010 | _a 2009377112 | ||
| 015 |
_a08,N24,2946 _2dnb |
||
| 015 |
_a08,N24,2946 _2dnb |
||
| 016 | 7 |
_a988812215 _2DE-101 |
|
| 020 | _a3412202177 | ||
| 020 |
_a9783412202170 _cGb. : EUR 49.90, ca. EUR 46.20 (AT) |
||
| 024 | 3 | _a9783412202170 | |
| 035 | _a(DE-627)568496906 | ||
| 035 | _a(DE-576)281586500 | ||
| 035 | _a(DE-599)DNB988812215 | ||
| 035 | _a(OCoLC)299147897 | ||
| 035 | _a(OCoLC)277195071 | ||
| 035 | _a(DE-101)988812215 | ||
| 040 |
_aDE-627 _bger _cDE-627 _erakwb _dDE-2950 |
||
| 041 |
_ager _aeng |
||
| 044 |
_cXA-DE _cXA-AT |
||
| 050 | 0 | _aHT131 | |
| 082 | 0 |
_a900 _qBSZ |
|
| 082 | 0 | _a711.409 | |
| 082 | 0 | 4 | _a710 |
| 082 | 0 | 4 | _a900 |
| 084 |
_a6,14 _a9,10 _2ssgn |
||
| 084 |
_a9,10 _a6,14 _2ssgn |
||
| 084 |
_aZH 9302 _2rvk _0(DE-625)rvk/156302: |
||
| 084 |
_aNR 1800 _2rvk _0(DE-625)rvk/129177: |
||
| 084 |
_aMS 1750 _qBVB _2rvk _0(DE-625)rvk/123613: |
||
| 084 |
_aLB 73005 _qBVB _2rvk _0(DE-625)rvk/90590:774 |
||
| 084 |
_aRB 10627 _2rvk _0(DE-625)rvk/142220:12801 |
||
| 084 |
_aRB 10591 _2rvk _0(DE-625)rvk/142220:12786 |
||
| 084 |
_a74.12 _2bkl |
||
| 084 |
_a74.72 _2bkl |
||
| 084 |
_a74.80 _2bkl |
||
| 084 |
_a74.73 _2bkl |
||
| 090 | _aa | ||
| 245 | 1 | 0 |
_aSchrumpfende Städte : _bein Phänomen zwischen Antike und Moderne / _chrsg. von Angelika Lampen und Armin Owzar. |
| 264 | 1 |
_aKöln; _aWeimar; _aWien: _bBöhlau, _c2008. |
|
| 300 |
_aXXXV, 357 S.: _bIll., graph. Darst., Kt. _ca |
||
| 336 |
_aText _btxt _2rdacontent |
||
| 337 |
_aohne Hilfsmittel zu benutzen _bn _2rdamedia |
||
| 338 |
_aBand _bnc _2rdacarrier |
||
| 490 | 1 |
_aStädteforschung _aReihe A, Darstellungen _vBd. 76 |
|
| 500 | _aBeitr. teilw. dt., teilw. engl | ||
| 650 | 0 |
_aCities and towns _zEurope _xHistory _vCongresses |
|
| 650 | 4 | _aKongreß | |
| 650 | 4 | _aStadt | |
| 650 | 4 | _aBevölkerungsrückgang | |
| 655 | 7 |
_aAufsatzsammlung _0(DE-588)4143413-4 _0(DE-627)105605727 _0(DE-576)209726091 _2gnd-content |
|
| 655 | 7 |
_aKonferenzschrift _0(DE-588)1071861417 _0(DE-627)826484824 _0(DE-576)433375485 _2gnd-content |
|
| 951 | _aBO | ||
| 700 | 1 |
_aLampen, Angelika _eHrsg. _0(DE-588)174166281 _0(DE-627)699057566 _0(DE-576)134997603 _4edt |
|
| 700 | 1 |
_aOwzar, Armin _d1964- _0(DE-588)114628716X _0(DE-627)1007822139 _0(DE-576)183141199 _4oth |
|
| 700 | 1 |
_aBenke, Carsten _d1970- _0(DE-588)136768849 _0(DE-627)587240954 _0(DE-576)30126662X _4oth |
|
| 787 | 0 | 8 |
_iRezensiert in _aBlaich, Markus C., 1968 - _t[Rezension von: Angelika Lampen, Armin Owzar (Hrsg.), Schrumpfende Städte] _dStuttgart : Konrad Theiss Verlag, 2010 _w(DE-627)1682093158 |
| 830 | 0 |
_aStädteforschung / A _v76 _976 _w(DE-627)130159506 _w(DE-576)015701735 _w(DE-600)517592-6 _x2748-4564 |
|
| 856 | 4 | 2 |
_uhttp://www.gbv.de/dms/weimar/toc/568496906_toc.pdf _mV:DE-601 _mB:DE-Wim2 _qpdf/application _yInhaltsverzeichnis _3Inhaltsverzeichnis |
| 856 | 4 | 2 |
_uhttp://d-nb.info/988812215/04 _mB:DE-101 _qapplication/pdf _v20130501 _3Inhaltsverzeichnis |
| 856 | 4 | 2 |
_uhttp://deposit.d-nb.de/cgi-bin/dokserv?id=3112270&prov=M&dok_var=1&dok_ext=htm _mX: MVB _qtext/html _v20130501 _3Inhaltstext |
| 856 | 4 | 2 |
_uhttp://bvbr.bib-bvb.de:8991/F?func=service&doc_library=BVB01&doc_number=016554219&line_number=0001&func_code=DB_RECORDS&service_type=MEDIA _mV:DE-604 _qapplication/pdf _3Inhaltsverzeichnis |
| 936 | r | v | _aZH 9302 |
| 936 | r | v | _aNR 1800 |
| 936 | r | v | _aMS 1750 |
| 936 | r | v | _aLB 73005 |
| 936 | r | v | _aRB 10627 |
| 936 | r | v | _aRB 10591 |
| 936 | b | k | _a74.12 |
| 936 | b | k | _a74.72 |
| 936 | b | k | _a74.80 |
| 936 | b | k | _a74.73 |
| 942 |
_2z _cB |
||